A tanácshálózat koszerűsítése a területrendezések megyei tapasztalatairól /

Elmentve itt :
Bibliográfiai részletek
Szerző: Halász Miklós
Dokumentumtípus: Cikk
Megjelent: 1976-12-16
Sorozat:Délmagyarország 66 No. 297
Kulcsszavak:Csongrád megye, Közigazgatás tanács Csongrád megye
Online Access:http://dmarchiv.bibl.u-szeged.hu/87974
LEADER 00549nab a2200157 i 4500
001 delm87974
005 20190426121037.0
008 190426s1976 hu o 0|| hun d
040 |a SZTE Délmagyarország Archívum  |b hun 
041 |a hun 
100 1 |a Halász Miklós 
245 1 2 |a A tanácshálózat koszerűsítése   |h [elektronikus dokumentum] :  |b a területrendezések megyei tapasztalatairól /  |c  Halász Miklós 
260 |c 1976-12-16 
300 |a 3 
490 0 |a Délmagyarország  |v 66 No. 297 
695 |a Csongrád megye, Közigazgatás tanács Csongrád megye